000 00847nam a22002537a 4500
001 BR6010813
003 BR-BrBNA
005 20230928083347.0
007 ta
008 230509b bl.||||| |||| 00| 0 por d
040 _aBR-BrBNA
_bpor
_cBiblioteca Nacional de Agricultura
041 _a(Por)
072 _aN10
_b4440
_b/G514
090 _ 4440 BR6010813
110 1 _aCompanhia Catarinense de Armazenamento, Florianopolis, SC (Brasil)
_92329
245 1 _aProjetos de armazens tipo convencional [Brasil]
260 3 _aFlorianopolis, SC (Brasil):
_c[nd].
300 _a33 p.
500 _aPublished 1984? (*) Documento disponível na(o) Instituto de Planejamento e Economia Agricola de Santa Catarina, Florianopolis (Brazil)
650 _aARMAZEM
650 _aINSTALACAO AGRICOLA
909 _a202309
_bLucia
_c55
_dLucia Elande
942 _cBK
999 _c13034
_d13034